[Event "Ch World (juniors) (under 16)"]
[Site "masterchessopen.com - Kemer (Turkey)"]
[Date "2007.11.27"]
[Round "10"]
[White "Pasku Llambi (ALB)"]
[Black "Khandelwal Ankush (ENG)"]
[Result "1-0"]
[WhiteElo "2061"]
[BlackElo "2141"]

1.Nf3 f5 2.d4 Nf6 3.c4 d6 4.g3 g6 5.Bg2 Bg7 6.O-O O-O 7.Nc3 Nc6 8.Qb3 Kh8
9.Rd1 a6 10.c5 Qe8 11.d5 Ne5 12.Nxe5 dxe5 13.h3 h5 14.d6 exd6 15.cxd6 cxd6
16.Rxd6 Qe7 17.Rb6 e4 18.Bg5 Qe5 19.Rd1 Kh7 20.e3 Nd7 21.Re6 Qb8 22.Re7 Nc5
23.Qd5 b6 24.Bf4 Bb7 25.Qd4 Ne6 26.Rxg7+ {#r} 1-0

[Event "Ch World (juniors) (under 12) (g)"]
[Site "masterchessopen.com - Kemer (Turkey)"]
[Date "2007.11.28"]
[Round "11"]
[White "Lach Aleksandra (POL)"]
[Black "Tomin Ksenija (SRB)"]
[Result "1-0"]
[WhiteElo "2021"]
[BlackElo "1692"]

1.c4 f5 2.Nc3 Nf6 3.Nf3 g6 4.g3 Bg7 5.Bg2 O-O 6.O-O Nc6 7.d4 d6 8.d5 Ne5
9.Nxe5 dxe5 10.e4 f4 11.gxf4 Nh5 12.f5 Qe8 13.Nb5 Qd7 14.Kh1 a6 15.Nc3 Qe8
16.Bf3 Nf4 17.Bxf4 exf4 18.Rg1 gxf5 19.e5 Kh8 20.Qd4 e6 21.Rae1 Bh6 22.Ne2 Bd7
23.b4 Rg8 24.Nxf4 Rd8 25.Nh5 Qf7 26.Nf6 Rxg1+ 27.Rxg1 Bg7 28.Nxh7 Qe7 29.Nf6
Bh6 30.Qh4 {#r} 1-0

[Event "Czech League 2007/08 (2nd) (b)"]
[Site "masterchessopen.com - Czech Republic"]
[Date "2007.12.02"]
[Round "4"]
[White "Horak Jiri (CZE)"]
[Black "Vanek Tomas (CZE)"]
[Result "1-0"]
[WhiteElo "2079"]
[BlackElo "2282"]

1.d4 f5 2.c4 Nf6 3.Nc3 g6 4.Nf3 Bg7 5.g3 d6 6.Bg2 O-O 7.O-O Nc6 8.d5 Ne5
9.Nxe5 dxe5 10.e4 f4 11.gxf4 exf4 12.e5 Ng4 13.e6 Ne5 14.Re1 Nxc4 15.Re4 f3
16.Bxf3 Ne5 17.Bg2 c6 18.f4 cxd5 19.Rxe5 Bxe5 20.fxe5 Bxe6 21.Nxd5 Rf5 22.Qd4
Rc8 23.Bd2 Kf7 24.Bc3 b5 25.Ne3 Qxd4 26.Bxd4 Rf4 27.Bxa7 Ra4 28.Bb6 Bxa2
29.Rxa2 e6 30.Rxa4 bxa4 31.Bf1 {#r} 1-0

[Event "It (open)"]
[Site "masterchessopen.com - Groningen (Netherlands)"]
[Date "2007.12.24"]
[Round "4"]
[White "Skatchkov Pavel (RUS)"]
[Black "Van Den Berg Harmen (NED)"]
[Result "1-0"]
[WhiteElo "2509"]
[BlackElo "2167"]

1.c4 f5 2.Nf3 Nf6 3.g3 g6 4.Bg2 Bg7 5.O-O O-O 6.Nc3 d6 7.d4 Nc6 8.d5 Ne5
9.Nxe5 dxe5 10.Qb3 Nd7 11.Rd1 Kh8 12.Qa3 a5 13.c5 e4 14.Bf4 Ne5 15.Rac1 Qe8
16.Qb3 Ra6 17.Nb5 a4 18.Qb4 Qd8 19.c6 bxc6 20.dxc6 Nxc6 21.Qc5 Bd7 22.Nxc7 Ra5
23.Qb6 Qb8 24.Rxc6 Bxc6 25.Qxa5 Qxb2 26.Ne6 Bc3 27.Qc5 Qxe2 28.Qxc3+ {#r} 1-0

[Event "Ch Oberfranken (qual)"]
[Site "masterchessopen.com - Schney (Germany)"]
[Date "2008.01.02"]
[Round "2"]
[White "Dudukcu Ozgur"]
[Black "Stoecklein Tony"]
[Result "1-0"]
[WhiteElo "1559"]
[BlackElo "1512"]

1.d4 f5 2.c4 Nf6 3.g3 g6 4.Bg2 Bg7 5.Nf3 d6 6.O-O O-O 7.Nc3 Nc6 8.d5 Na5 9.Nd2
b6 10.Rb1 Nb7 11.b4 Rb8 12.Nb3 e6 13.Nd4 Bd7 14.dxe6 Be8 15.Nd5 Nxd5 16.cxd5
Qf6 17.Bb2 Qe7 18.Qd3 a5 19.a3 Bf6 20.e4 Bxd4 21.Qxd4 {#r} 1-0

[Event "Tournament \"]
[Site "masterchessopen.com - Euskadi (Spain)"]
[Date "2008.01.26"]
[Round "3"]
[White "Cruz-Lopez Claret Carlos (ESP)"]
[Black "Martin Echeandia Ibon (ESP)"]
[Result "1-0"]
[WhiteElo "2342"]
[BlackElo "2225"]

1.d4 f5 2.g3 g6 3.Nf3 Nf6 4.Bg2 Bg7 5.O-O O-O 6.c4 d6 7.Nc3 Nc6 8.d5 Ne5
9.Nxe5 dxe5 10.e4 f4 11.gxf4 exf4 12.e5 Ng4 13.e6 Ne5 14.c5 f3 15.Bh3 g5
16.Kh1 Qe8 17.Rg1 h6 18.Bxg5 hxg5 19.Rxg5 Rf6 20.Qg1 Rg6 21.Bf5 Rxg5 22.Qxg5
Qf8 23.Ne4 b6 24.Rg1 Kh8 25.d6 cxd6 26.cxd6 Bxe6 27.dxe7 {#r} 1-0

[Event "Ch Madrid (1/2 final) (b)"]
[Site "masterchessopen.com - Madrid (Spain)"]
[Date "2008.02.02"]
[Round "9"]
[White "Solaesa Navalpotro Luis (ESP)"]
[Black "Elissalt Cardenas Hector (CUB)"]
[Result "0-1"]
[WhiteElo "2212"]
[BlackElo "2317"]

1.Nf3 f5 2.g3 Nf6 3.Bg2 g6 4.c4 Bg7 5.Nc3 d6 6.d4 O-O 7.O-O Nc6 8.d5 Ne5
9.Nxe5 dxe5 10.e4 f4 11.gxf4 exf4 12.f3 Nd7 13.Ne2 g5 14.Bh3 Ne5 15.Bxc8 Qxc8
16.Nd4 Qh3 17.Nf5 Rxf5 18.exf5 Nxc4 19.Qe2 Bd4+ 20.Kh1 Nd6 21.Rd1 Nxf5 22.Bxf4
gxf4 23.Qe6+ Kf8 {#R} 0-1

[Event "It (open) (w)"]
[Site "masterchessopen.com - Moscow (Russia)"]
[Date "2008.02.08"]
[Round "7"]
[White "Grishina Irina (RUS)"]
[Black "Zarivkina Viktoria (RUS)"]
[Result "0-1"]
[WhiteElo "1794"]
[BlackElo "2113"]

1.Nf3 g6 2.d4 Bg7 3.c4 f5 4.g3 Nf6 5.Bg2 O-O 6.O-O d6 7.Nc3 Nc6 8.d5 Na5 9.Nd2
b6 10.b4 Nb7 11.Bb2 a5 12.a3 Rb8 13.Nb3 e5 14.dxe6 Bxe6 15.Nd4 Bd7 16.Nc6 Bxc6
17.Bxc6 Qc8 18.Nb5 Nd8 19.Bg2 Qd7 20.Qd3 Kh8 21.Rfd1 Nc6 22.Nd4 Nxd4 23.Bxd4
Qe7 24.Bc3 Ne4 25.Bxg7+ Kxg7 26.Qd4+ Qf6 27.Qd3 Rbd8 28.Rac1 axb4 29.axb4 {#R}
0-1

[Event "It (open)"]
[Site "masterchessopen.com - Brentwood (England)"]
[Date "2008.02.16"]
[Round "3"]
[White "Eames Robert (ENG)"]
[Black "McDonald Neil R (ENG)"]
[Result "0-1"]
[WhiteElo "2329"]
[BlackElo "2398"]

1.d4 f5 2.g3 Nf6 3.Bg2 g6 4.Nf3 Bg7 5.O-O O-O 6.c4 d6 7.Nc3 Nc6 8.d5 Na5 9.Qd3
c5 10.e4 fxe4 11.Nxe4 Nxe4 12.Qxe4 Bf5 13.Qh4 e5 14.Bg5 Qc7 15.Nd2 Bd3 16.Bh3
Bxf1 17.Be6+ Kh8 18.Rxf1 Rae8 19.b3 Nc6 20.f4 Nd4 21.Qg4 Nxe6 22.dxe6 Qc8
23.Qh4 Qxe6 24.Re1 Qf5 25.Ne4 exf4 26.Be7 Bd4+ 27.Kh1 fxg3 28.hxg3 Rxe7 {#R}
0-1

[Event "It (cat.8)"]
[Site "masterchessopen.com - Budapest (Hungary)"]
[Date "2008.03.02"]
[Round "2"]
[White "Ilincic Zlatko (SRB)"]
[Black "Garbisu De Goni Unai (ESP)"]
[Result "1-0"]
[WhiteElo "2542"]
[BlackElo "2478"]

1.d4 f5 2.Nf3 Nf6 3.g3 g6 4.Bg2 Bg7 5.O-O O-O 6.c4 d6 7.Nc3 Nc6 8.d5 Na5 9.Qd3
c5 10.Ng5 Rb8 11.e4 Ng4 12.exf5 Ne5 13.Qc2 Bxf5 14.Be4 Naxc4 15.f4 Ng4 16.Qe2
Bd4+ 17.Kh1 Nce3 18.Bxf5 Rxf5 19.Bxe3 Nxe3 20.Rf3 Bxc3 21.bxc3 Nxd5 22.Qe6+
Kg7 23.g4 Nxf4 24.gxf5 {#r} 1-0

[Event "Olympiad (national) (youth) (w)"]
[Site "masterchessopen.com - Szczavno Zdroj (Poland)"]
[Date "2008.04.28"]
[Round "2"]
[White "Jasnikowska Malgorzata (POL)"]
[Black "Mucha Magdalena (POL)"]
[Result "0-1"]
[WhiteElo "1650"]
[BlackElo "1800"]

1.d4 f5 2.c4 Nf6 3.Nf3 g6 4.Nc3 Bg7 5.g3 d6 6.Bg2 O-O 7.O-O Nc6 8.d5 Ne5
9.Nxe5 dxe5 10.e4 f4 11.gxf4 Nh5 12.f5 Nf4 13.Bxf4 exf4 14.fxg6 hxg6 15.Qe2
Be5 16.Kh1 Kg7 17.f3 Rh8 18.Rfd1 Rh6 19.Na4 b6 20.c5 Qh8 21.Bf1 Qh7 22.Qc2 g5
23.Qg2 g4 24.Rd2 g3 25.Qg1 Bd7 26.Rc1 Bxa4 27.b3 Bd7 28.c6 Rh8 29.Rcc2 Bh3
30.Bxh3 Rxh3 31.a3 Qh5 {#R} 0-1

[Event "It (open)"]
[Site "masterchessopen.com - Voesendorf (Austria)"]
[Date "2008.05.22"]
[Round "1"]
[White "Kummer Helmut (AUT)"]
[Black "Matt Stefan (AUT)"]
[Result "1-0"]
[WhiteElo "2393"]
[BlackElo "2073"]

1.d4 f5 2.c4 Nf6 3.g3 g6 4.Bg2 Bg7 5.Nf3 O-O 6.O-O d6 7.Nc3 Nc6 8.d5 Ne5
9.Nxe5 dxe5 10.c5 Nh5 11.Qb3 Kh8 12.Rd1 f4 13.Bd2 Bf5 14.Be1 Rb8 15.Qc4 Qc8
16.Ne4 Bh3 17.Bf3 h6 18.Rac1 Nf6 19.Bc3 Nxe4 20.Qxe4 Bf5 21.Qa4 fxg3 22.hxg3
b5 23.cxb6 axb6 24.Bg2 Bh3 25.Qe4 Bxg2 26.Kxg2 Rf5 27.f3 Qe8 28.Rh1 Kh7 29.Bd2
e6 30.Rxc7 {#r} 1-0

[Event "It (open) (b)"]
[Site "masterchessopen.com - Voronezh (Russia)"]
[Date "2008.06.14"]
[Round "3"]
[White "Mukhina Marina (RUS)"]
[Black "Polyansky Viktor (RUS)"]
[Result "0-1"]
[WhiteElo "1861"]
[BlackElo "2094"]

1.d4 f5 2.Nf3 Nf6 3.c4 g6 4.g3 d6 5.Bg2 Bg7 6.O-O O-O 7.Nc3 Nc6 8.a3 Ne4 9.Qd3
Nxc3 10.Qxc3 e5 11.dxe5 dxe5 12.e4 fxe4 13.Ng5 Nd4 14.Re1 Nf3+ 15.Bxf3 exf3
16.Qb3 Qf6 17.c5+ Kh8 18.Re4 b6 19.Rh4 h5 20.Qc4 Bf5 21.g4 Rad8 22.Be3 Rd4
23.Qb3 Rxg4+ 24.Rxg4 hxg4 25.Rd1 Qe7 26.cxb6 axb6 27.h3 Bf6 28.h4 e4 29.Kh2
Qe5+ {#R} 0-1

[Event "It (open)"]
[Site "masterchessopen.com - Oslo (Norway)"]
[Date "2008.07.01"]
[Round "8"]
[White "Matthiesen Arne (DEN)"]
[Black "Ferkingstad Sjur (NOR)"]
[Result "1-0"]
[WhiteElo "2349"]
[BlackElo "2225"]

1.Nf3 f5 2.d4 g6 3.g3 Bg7 4.Bg2 Nf6 5.O-O O-O 6.c4 d6 7.Nc3 Nc6 8.d5 Ne5
9.Nxe5 dxe5 10.c5 Kh8 11.Qb3 a6 12.Rd1 Rb8 13.Bd2 Bd7 14.Rac1 h6 15.Qa3 Qe8
16.d6 exd6 17.cxd6 c6 18.Na4 e4 19.Nb6 Ng4 20.Bc3 Ne5 21.Bd4 Be6 22.Qc3 Bg8
23.d7 Qe6 24.f4 exf3 25.exf3 c5 26.Qxc5 Nc6 27.Bxg7+ Kxg7 28.f4 Rbd8 29.b3 Nb8
30.Qd4+ Kh7 31.Bxb7 Rf6 32.Rc8 {#r} 1-0

[Event "It (open)"]
[Site "masterchessopen.com - St. Veit (Austria)"]
[Date "2008.07.07"]
[Round "3"]
[White "Peneder Hans (AUT)"]
[Black "Matt Stefan (AUT)"]
[Result "0-1"]
[WhiteElo "2041"]
[BlackElo "2073"]

1.c4 f5 2.Nc3 Nf6 3.g3 g6 4.Bg2 Bg7 5.Nf3 O-O 6.O-O d6 7.d4 Nc6 8.d5 Ne5
9.Nxe5 dxe5 10.e4 f4 11.b4 g5 12.f3 g4 13.Bb2 h5 14.Ne2 fxg3 15.hxg3 gxf3
16.Bxf3 Ng4 17.Bc1 a5 18.Qb3 axb4 19.Qxb4 Qd6 20.c5 Qg6 21.Kg2 h4 22.Rh1 Rxf3
{#R} 0-1

[Event "It (open)"]
[Site "masterchessopen.com - Ourense (Spain)"]
[Date "2008.07.11"]
[Round "9"]
[White "Carril Garcia Luis (ESP)"]
[Black "Palacios Gonzalez Miguel (ESP)"]
[Result "1-0"]
[WhiteElo "2012"]
[BlackElo "1595"]

1.Nf3 f5 2.g3 d6 3.d4 Nf6 4.Bg2 g6 5.O-O Bg7 6.c4 O-O 7.Nc3 Nc6 8.d5 Na5 9.Qd3
b6 10.b4 Nb7 11.Be3 a5 12.a3 Rb8 13.Rac1 e5 14.dxe6 Bxe6 15.Ng5 Qd7 16.Nxe6
Qxe6 17.Nd5 Qd7 18.Nxf6+ Bxf6 19.Bxb7 c6 20.Ba6 Ra8 21.b5 Qc7 22.Bd4 Bxd4
23.Qxd4 Rfe8 24.Rfd1 Re6 25.e3 Kf7 26.a4 Ra7 27.Qf4 Kg7 28.Rd4 Rf6 29.Rcd1
{#r} 1-0

[Event "It (open) \"]
[Site "masterchessopen.com - Berdsk (Russia)"]
[Date "2008.07.14"]
[Round "7"]
[White "Pavlov Oleg (RUS)"]
[Black "Bocharov Ivan (RUS)"]
[Result "0-1"]
[WhiteElo "2326"]
[BlackElo "2452"]

1.d4 f5 2.g3 Nf6 3.Bg2 g6 4.c4 Bg7 5.Nc3 O-O 6.Nf3 d6 7.O-O Nc6 8.d5 Ne5
9.Nxe5 dxe5 10.e4 f4 11.b4 g5 12.Qb3 Kh8 13.Rd1 Qe8 14.Nb5 Qh5 15.f3 g4 16.Rd3
fxg3 17.hxg3 gxf3 18.Rxf3 Bg4 19.Rf1 Nxe4 20.Rxf8+ Rxf8 21.Qe3 Bf3 22.Nxc7
Bxg2 23.Kxg2 Rf2+ 24.Qxf2 Nxf2 25.Kxf2 e4 {#R} 0-1

[Event "It (open) \"]
[Site "masterchessopen.com - Helsingor (Denmark)"]
[Date "2008.07.27"]
[Round "10"]
[White "Tallaksen Levi Andre (NOR)"]
[Black "Christensen Bo Garner (DEN)"]
[Result "0-1"]
[WhiteElo "2067"]
[BlackElo "2237"]

1.d4 f5 2.Nf3 Nf6 3.g3 g6 4.Bg2 Bg7 5.O-O O-O 6.c4 d6 7.Nc3 Nc6 8.d5 Ne5
9.Nxe5 dxe5 10.e4 f4 11.gxf4 exf4 12.e5 Ng4 13.e6 Ne5 14.c5 f3 15.Bh3 h6
16.Kh1 b6 17.Be3 g5 18.Rg1 Qe8 19.Rg3 Qh5 20.Qg1 bxc5 21.Bxg5 hxg5 22.Rxg5 Qh6
23.Qg3 Nd3 24.Rg1 Qxg5 25.Bf1 Qxg3 26.Rxg3 Nxb2 27.Ne4 Bb7 28.Ng5 Bxd5 29.h4
Rf4 30.Rh3 Nd1 31.Rh2 Nxf2+ {#R} 0-1

[Event "Tournament \"]
[Site "masterchessopen.com - Buenos Aires (Argentina)"]
[Date "2008.08.14"]
[Round "3"]
[White "Olivera Horacio (ARG)"]
[Black "Ciurlanti Federico (ARG)"]
[Result "1-0"]
[WhiteElo "2252"]
[BlackElo "2140"]

1.Nf3 f5 2.g3 Nf6 3.Bg2 g6 4.O-O Bg7 5.d4 d6 6.c4 O-O 7.Nc3 Nc6 8.d5 Na5 9.Nd2
c5 10.Qc2 a6 11.b3 Bd7 12.Bb2 b5 13.Rfe1 Qe8 14.e4 f4 15.Ne2 fxg3 16.hxg3 bxc4
17.bxc4 Qf7 18.f3 Bh6 19.Nf1 e5 20.Nc1 Rab8 21.Nd3 g5 22.Bc1 Qh5 23.Bd2 Nb7
24.Rab1 Rf7 25.Rb6 Bh3 26.Bxh3 Qxh3 27.Nf2 Qh5 28.g4 Qh4 29.Kg2 Nd7 30.Rb3
Rbf8 31.Ng3 {#r} 1-0

[Event "It \"]
[Site "masterchessopen.com - England"]
[Date "2008.08.16"]
[Round "3"]
[White "Taylor Martin R (ENG)"]
[Black "Ball Laurence"]
[Result "1-0"]
[WhiteElo "2342"]
[BlackElo "2000"]

1.d4 f5 2.g3 d6 3.Nf3 Nf6 4.Bg2 g6 5.O-O Bg7 6.c4 O-O 7.Nc3 Nc6 8.b3 e5 9.dxe5
dxe5 10.Ba3 Re8 11.Qxd8 Rxd8 12.Rad1 Be6 13.Nb5 Ne8 14.Ng5 Rxd1 15.Rxd1 a6
16.Nc3 e4 17.Ncxe4 Rd8 18.Rxd8 Nxd8 19.Be7 fxe4 20.Bxd8 Bc8 21.Bxe4 c6 22.Kg2
Nd6 23.Bd3 b5 24.Be7 bxc4 25.bxc4 Nf5 26.Bc5 h6 27.Nf3 {#r} 1-0

[Event "Ch Tatarstan (open)"]
[Site "masterchessopen.com - Kazan (Russia)"]
[Date "2008.08.21"]
[Round "1"]
[White "Vafin Ayrat (RUS)"]
[Black "Tumakov D (RUS)"]
[Result "0-1"]
[WhiteElo "2078"]
[BlackElo "2312"]

1.c4 f5 2.d4 Nf6 3.Nc3 g6 4.g3 Bg7 5.Bg2 O-O 6.Nf3 d6 7.O-O Nc6 8.d5 Ne5
9.Nxe5 dxe5 10.e4 e6 11.Bg5 h6 12.Bxf6 Qxf6 13.f3 h5 14.h3 f4 15.g4 hxg4
16.hxg4 Rf7 17.Qe1 Bf8 18.Kf2 exd5 19.Nxd5 Qa6 20.Qe2 c6 21.Nc3 Be6 22.b3 Bc5+
23.Ke1 Rd8 {#R} 0-1

[Event "Ch Germany (seniors) (team)"]
[Site "masterchessopen.com - Berlin (Germany)"]
[Date "2008.09.02"]
[Round "3"]
[White "Striebich Rudolf (GER)"]
[Black "Schippan Bernd (GER)"]
[Result "0-1"]
[WhiteElo "2207"]
[BlackElo "2335"]

1.g3 f5 2.d4 Nf6 3.Bg2 g6 4.c4 Bg7 5.Nc3 d6 6.Nf3 O-O 7.O-O Nc6 8.d5 Na5 9.Nd2
c5 10.b3 Nxd5 11.Bxd5+ e6 12.Ndb1 exd5 13.Qxd5+ Kh8 14.Bb2 Nc6 15.Qd2 Nd4
16.Nd5 b5 17.cxb5 Bb7 18.Nbc3 Re8 19.f3 Bxd5 20.e4 Bb7 21.Ne2 Nxe2+ 22.Qxe2
Qe7 23.Bxg7+ Qxg7 24.Rad1 fxe4 25.Rxd6 exf3 26.Qd1 Qe5 27.Rd7 Rab8 28.Rxb7
Rxb7 29.Qxf3 {#R} 0-1

[Event "It (cat.7)"]
[Site "masterchessopen.com - Budapest (Hungary)"]
[Date "2008.09.11"]
[Round "6"]
[White "Berczes David (HUN)"]
[Black "Ilincic Zlatko (SRB)"]
[Result "1-0"]
[WhiteElo "2514"]
[BlackElo "2542"]

1.d4 f5 2.g3 Nf6 3.Bg2 g6 4.Nf3 Bg7 5.O-O O-O 6.c4 d6 7.Nc3 Nc6 8.d5 Ne5
9.Nxe5 dxe5 10.Qb3 h6 11.Rd1 g5 12.c5 Kh8 13.Nb5 f4 14.Bd2 Bg4 15.f3 Bh5
16.Bc3 a6 17.Na3 Bf7 18.Nc4 Bxd5 19.Qc2 Qe8 20.Nxe5 Bf7 21.gxf4 gxf4 22.Bh3 e6
23.Kh1 Rg8 24.Rg1 Nd5 25.Bd4 Bf6 26.Qe4 Rg5 27.Rxg5 hxg5 28.Rg1 Bh5 29.Rxg5
Bxg5 30.Ng6+ Kh7 31.Nf8+ Kg8 32.Qh7+ {#r} 1-0

[Event "It (open)"]
[Site "masterchessopen.com - Moratalaz (Spain)"]
[Date "2008.09.20"]
[Round "1"]
[White "Di Berardino Diego Rafael (BRA)"]
[Black "Minondo Torres Alvaro (ESP)"]
[Result "1-0"]
[WhiteElo "2503"]
[BlackElo "1899"]

1.c4 g6 2.Nc3 Bg7 3.d4 f5 4.Nf3 Nf6 5.g3 O-O 6.Bg2 d6 7.O-O Nc6 8.e3 a6 9.Qe2
e5 10.d5 Ne7 11.Rd1 Qe8 12.Ng5 h6 13.Ne6 Bxe6 14.dxe6 e4 15.Nd5 Rc8 16.Rb1 Nc6
17.b3 Qxe6 18.Bb2 Ne5 19.Bxe5 Qxe5 20.Qb2 Qxb2 21.Rxb2 {#r} 1-0

[Event "Tournament \"]
[Site "masterchessopen.com - Sao Paulo (Brazil)"]
[Date "2008.10.13"]
[Round "7"]
[White "Maia Luciano (BRA)"]
[Black "Rodi Luis Ernesto (ARG)"]
[Result "0-1"]
[WhiteElo "2353"]
[BlackElo "2374"]

1.Nf3 f5 2.g3 Nf6 3.Bg2 g6 4.O-O Bg7 5.c4 O-O 6.d4 d6 7.Nc3 Nc6 8.d5 Ne5
9.Nxe5 dxe5 10.c5 a6 11.Qb3 Kh8 12.Bd2 h6 13.Rfd1 Qe8 14.Na4 Bd7 15.c6 bxc6
16.dxc6 Bxc6 17.Bxc6 Qxc6 18.Rac1 Qb5 19.Rxc7 Qxe2 20.Qc2 Rad8 21.Nc3 Qh5
22.Kg2 e4 23.Bc1 Ng4 24.h3 Nxf2 25.Qxf2 Rxd1 26.Nxd1 Qxd1 27.h4 Rd8 28.Be3 e5
29.b4 Qg4 30.Kh2 g5 {#R} 0-1

[Event "Ch France (team) (nat.1) 2008/09"]
[Site "masterchessopen.com - France"]
[Date "2008.10.19"]
[Round "1"]
[White "Debray Christopher (FRA)"]
[Black "Jossien Arnaud (FRA)"]
[Result "0-1"]
[WhiteElo "2388"]
[BlackElo "2391"]

1.d4 d6 2.Nf3 g6 3.c4 Bg7 4.Nc3 f5 5.g3 Nf6 6.Bg2 O-O 7.O-O Nc6 8.d5 Ne5
9.Nxe5 dxe5 10.e4 f4 11.gxf4 exf4 12.Bxf4 Nxe4 13.Qc1 Nxc3 14.bxc3 e5 15.Bg5
Qd6 16.Be3 Bg4 17.c5 Qe7 18.Rb1 Rab8 19.Qa3 e4 20.d6 Qh4 21.Bxe4 c6 22.Qb4
Rbe8 23.Bg2 Qh5 24.Rfe1 Bf3 25.Qc4+ Bd5 26.Bxd5+ cxd5 27.Qf1 Bxc3 28.d7 Re4
29.Re2 Qg4+ 30.Qg2 Qxe2 31.h3 Qxa2 32.Rxb7 Rxe3 {#R} 0-1

[Event "Ch Belgrade (team) (qual. liga)"]
[Site "masterchessopen.com - Belgrade (Yugoslavia)"]
[Date "2008.11.11"]
[Round "10"]
[White "Prijovic Miroslav (SRB)"]
[Black "Sivacki Milorad (SRB)"]
[Result "0-1"]
[WhiteElo "1774"]
[BlackElo "2143"]

1.d4 f5 2.c4 Nf6 3.Nc3 g6 4.Nf3 Bg7 5.g3 O-O 6.Bg2 d6 7.O-O Nc6 8.e3 e5 9.dxe5
dxe5 10.Rb1 e4 11.Nd4 Ne5 12.b3 Qe7 13.Qc2 Nd3 14.Nce2 Nxc1 15.Rbxc1 c5 16.Nb5
Bd7 17.Nbc3 Bc6 18.Rfd1 g5 19.Rd2 Ng4 20.Nd5 Qf7 21.Nec3 Ne5 22.h3 h5 23.Kh2
Kh8 24.Rf1 Rad8 25.a3 b5 26.Rfd1 bxc4 27.b4 Nd3 28.Nxe4 Qxd5 {#R} 0-1

[Event "US Chess League (play-off) (tie-break)"]
[Site "masterchessopen.com - Internet"]
[Date "2008.12.06"]
[Round "3"]
[White "Kuljasevic Davorin (CRO)"]
[Black "Esserman Marc (USA)"]
[Result "1-0"]
[WhiteElo "2521"]
[BlackElo "2348"]

1.d4 f5 2.g3 Nf6 3.Bg2 g6 4.c4 Bg7 5.Nf3 O-O 6.O-O d6 7.Nc3 Nc6 8.d5 Ne5
9.Nxe5 dxe5 10.c5 e6 11.d6 cxd6 12.cxd6 Ne8 13.Qb3 Qxd6 14.Nb5 Qe7 15.Be3 a6
16.Na7 e4 17.Rac1 Nd6 18.Rfd1 Rd8 19.Bb6 Rxa7 20.Bxa7 Nb5 21.Bb6 Rxd1+ 22.Rxd1
Bf8 23.a4 Nd6 24.Bc5 Qc7 25.Qb4 a5 26.Bxd6 Qc2 27.Qd2 {#r} 1-0

[Event "It \"]
[Site "masterchessopen.com - Buenos Aires (Argentina)"]
[Date "2008.12.10"]
[Round "8"]
[White "Mareco Sandro (ARG)"]
[Black "Tristan Leonardo (ARG)"]
[Result "1-0"]
[WhiteElo "2481"]
[BlackElo "2393"]

1.d4 d6 2.c4 f5 3.Nf3 Nf6 4.g3 g6 5.Bg2 Bg7 6.O-O O-O 7.Nc3 Nc6 8.d5 Na5 9.Qa4
c5 10.dxc6 Nxc6 11.Rd1 Kh8 12.Bg5 Be6 13.c5 d5 14.Bxf6 Bxf6 15.Ne1 Bxc3
16.bxc3 Rc8 17.c4 d4 18.Rab1 Na5 19.Bd5 Bd7 20.Qa3 e5 21.Nf3 Re8 22.e3 dxe3
23.Qxe3 Qc7 24.Ng5 Qxc5 25.Nf7+ Kg7 26.Qh6+ Kf6 27.Ng5 {#r} 1-0

[Event "Czech League 2008/09 (krajsky prebor)"]
[Site "masterchessopen.com - Czech Republic"]
[Date "2008.12.14"]
[Round "5"]
[White "Wiesinger Wolfgang"]
[Black "Houska Bronislav (CZE)"]
[Result "0-1"]
[WhiteElo "1942"]
[BlackElo "2060"]

1.d4 f5 2.Nf3 Nf6 3.g3 g6 4.Bg2 Bg7 5.O-O O-O 6.c4 d6 7.Nc3 Nc6 8.Ne1 Qe8
9.Nb5 Qd7 10.e3 a6 11.Qa4 Ne4 12.f3 Nf6 13.Nc3 Qd8 14.Nd3 Bd7 15.c5 Kh8 16.Qa3
g5 17.Bd2 Qe8 18.Rac1 Qg6 19.cxd6 cxd6 20.Qb3 f4 21.Ne4 Nxe4 22.fxe4 fxe3
23.Bxe3 Nxd4 24.Qxb7 Ne2+ 25.Kh1 Nxc1 26.Rxc1 Bb5 27.Rd1 Qh5 28.Rd2 Bxd3
29.Rxd3 Qe2 30.Qd5 Qxb2 31.Bxg5 Rac8 32.h3 Rc5 {#R} 0-1

[Event "Tournament (open) (youth)"]
[Site "masterchessopen.com - St. Petersburg (Russia)"]
[Date "2009.01.06"]
[Round "4"]
[White "Kuzmin Egor (RUS)"]
[Black "Petrov Valentin (BUL)"]
[Result "0-1"]
[WhiteElo "1968"]
[BlackElo "2235"]

1.d4 f5 2.c4 Nf6 3.Nf3 g6 4.g3 Bg7 5.Bg2 O-O 6.O-O d6 7.Nc3 Nc6 8.d5 Ne5
9.Nxe5 dxe5 10.e4 f4 11.gxf4 Nh5 12.f5 Nf4 13.Bxf4 exf4 14.Re1 Be5 15.Kh1 Qd6
16.Bf3 Bd7 17.Rg1 Kh8 18.fxg6 hxg6 19.Bh5 Rf6 20.Bf3 Kg7 21.Rg5 Rh8 22.Qg1 b6
23.Rc1 a6 24.a3 Rff8 25.b4 Rh6 26.Rh5 Rxh5 27.Bxh5 f3 28.Bg4 Bxh2 29.c5 bxc5
30.bxc5 Qf4 {#R} 0-1

[Event "Ch USA (amateur) (team) East"]
[Site "masterchessopen.com - Parsippany (USA)"]
[Date "2009.02.16"]
[Round "6"]
[White "Ippolito Dean (USA)"]
[Black "Frumkin Edward (USA)"]
[Result "1-0"]
[WhiteElo "2455"]
[BlackElo "2032"]

1.d4 d6 2.Nf3 g6 3.c4 f5 4.g3 Bg7 5.Bg2 Nf6 6.O-O O-O 7.Nc3 Nc6 8.d5 Ne5
9.Nxe5 dxe5 10.c5 h6 11.Qb3 Kh8 12.Rd1 g5 13.Bd2 a6 14.Rac1 Qe8 15.Na4 Qg6
16.Ba5 Ne8 17.Qb4 g4 18.d6 exd6 19.cxd6 Nxd6 20.Bxc7 Nb5 21.Bxe5 Re8 22.Bxg7+
Qxg7 23.Nb6 Rb8 24.Nxc8 Rbxc8 25.Rxc8 Rxc8 26.a4 Na7 27.Qxb7 Rc7 28.Qxa6 Rc2
29.Qe6 Qf8 30.Qe5+ Kg8 31.Qd5+ Kh8 32.Qd4+ {#r} 1-0

[Event "Ch Russia (1 liga) (w)"]
[Site "masterchessopen.com - Smolensk (Russia)"]
[Date "2009.02.26"]
[Round "1"]
[White "Shulakova Svetlana (RUS)"]
[Black "Makeeva Tatiana (RUS)"]
[Result "0-1"]
[WhiteElo "2151"]
[BlackElo "1930"]

1.d4 f5 2.c4 Nf6 3.g3 g6 4.Bg2 Bg7 5.Nf3 O-O 6.O-O d6 7.Nc3 Nc6 8.d5 Na5 9.Nd2
c5 10.Qc2 a6 11.a3 b6 12.b4 Nb7 13.Bb2 Bd7 14.e4 Rc8 15.Qb3 f4 16.Ne2 fxg3
17.hxg3 e5 18.dxe6 Bxe6 19.Nf4 Bg4 20.e5 dxe5 21.Bxb7 exf4 22.Bxc8 Qxc8
23.Rfe1 Qf5 24.Re5 Qd7 25.Nf1 Nh5 26.Rd5 Qf7 27.Bxg7 fxg3 28.f3 Qxg7 29.Re1
Bxf3 30.Rd3 Qf7 31.Rde3 Be4 32.R3e2 Qf2+ {#R} 0-1

[Event "It (open)"]
[Site "masterchessopen.com - Split (Croatia)"]
[Date "2009.03.02"]
[Round "3"]
[White "Basic Igor (CRO)"]
[Black "Bozanic Ivica (CRO)"]
[Result "0-1"]
[WhiteElo "1988"]
[BlackElo "2270"]

1.Nf3 f5 2.g3 Nf6 3.Bg2 g6 4.O-O Bg7 5.c4 O-O 6.Nc3 d6 7.d4 Nc6 8.d5 Na5 9.Qd3
e5 10.dxe6 Bxe6 11.Nd5 Ne4 12.Nd4 Bf7 13.f3 Nc5 14.Qc3 c6 15.Ne3 Na4 16.Qd3
Qb6 17.Rd1 Nxb2 18.Bxb2 Qxb2 19.Nexf5 gxf5 20.Nxf5 Bxc4 21.Qe4 Qe5 22.Nxd6
Qxe4 23.fxe4 Bxe2 24.Re1 Bd4+ 25.Kh1 Bxa1 26.Rxa1 Rad8 27.Nf5 Rd1+ {#R} 0-1